00981cam a2200253 a 450000100100000000500170001000800410002702000150006804000180008308200170010110000550011824501050017326000320027830000280031044000370033850400550037565000270043065000310045770000630048891000340055191000070058595201200059299900150071200000525320200929151625.0920716s1991 sp a b 001 0 spa  a8437610168 aDO-SdBNPcDLC a862.3bC591e1 aClaramonte y Corroy, Andrés de,dd. 1626.91498713aLa Estrella de Sevilla /cAndrés de Claramonte ; edición, Alfredo Rodríguez López-Vázquez. aMadrid :bCátedra,c1991. a289 p. :bil. ;c19 cm. 0aLetras hispánicas ;v33794208 aIncluye referencias bibliográficas (p. 123-133). 4aTeatro español93071 4aLiteratura española96321 aRodríguez López Vázquez, Alfredo,d1932-eed.914988 aCatalogación por copia / LC aWM 001052708MOaGRbGRcHDd2009-08-18iLF1l0o862.3 C591ep5253-10r2020-06-25w2020-06-25y2ZPréstamo interno c5054d5054